Panorama educativo de México : indicadores del Sistema Educativo Nacional : 2004 /

Đã lưu trong:
Chi tiết về thư mục
Tác giả của công ty: Instituto Nacional para la Evaluación de la Educación (México)
Tác giả khác: Muñiz Martelón, Patricia E. (autor) (autor), Martínez Rizo, Felipe (presentación) (presentación)
Định dạng: Sách
Ngôn ngữ:Tiếng Tây Ban Nha
Những chủ đề:
Các nhãn: Thêm thẻ
Không có thẻ, Là người đầu tiên thẻ bản ghi này!

MARC

LEADER 00000nam^a2200000^a^4500
001 000184710
005 20250521000000.0
009 20260310102126.67
020 |a 968-5924-05-8 
037 |a Acervo ITESO - Biblioteca 
041 |a ESP 
082 |a 370. 972  |b PAN 2004 
110 |a Instituto Nacional para la Evaluación de la Educación (México) 
240 1 1 |a [Panorama educativo de México] 
245 1 0 |a Panorama educativo de México :  |b indicadores del Sistema Educativo Nacional : 2004 /  |c P.E. Muñiz Martelón... [et al.] ; presen. de F. Martínez Rizo. 
264 |a México :  |b Instituto Nacional para la Evaluación de la Educación,  |c ca. 2004 
300 |a 611 p. 
336 |a texto  |b txt  |2 rdacontenido 
337 |a sin mediación  |b n  |2 rdamedio 
338 |a volumen  |b nc  |2 rdasoporte 
649 |a XX 
650 |a Deserción Escolar -  |z México 
650 |a Eficiencia Terminal -  |z México 
650 |a Financiamiento de la Educación -  |z México 
650 |a Recursos Educacionales -  |z México 
650 |a Personal Escolar -  |z México 
650 |a Calidad de la Educación -  |z México -  |x Tema Principal 
650 |a Evaluación Educativa -  |z México -  |x Tema Principal 
650 |a Educación y Sociedad -  |z México 
650 |a Instituciones Educativas -  |z México 
650 |a Sistema Escolar -  |z México 
650 |a Administración Educativa -  |z México 
650 |a Educación -  |z México -  |x Estadísticas 
650 |a Educación -  |z México -  |x Anuarios 
650 |a Educación -  |z México -  |x Historia -  |y 2000-2006 
650 |a Anuarios 
700 |a Muñiz Martelón, Patricia E.  |e (autor) 
700 |a Martínez Rizo, Felipe  |e (presentación) 
910 |a Fondo General 
920 |a Impresos - Libros 
930 |a Obras de Referencia 
905 |a 102 
901 |a 0500125775  |b IT2  |c REF  |u 20250521 
902 |a https://opac.biblio.iteso.mx/vufind/Record/000184710